Friends characters - Statistics

General Stats
  • This quiz has been taken 257 times
  • The average score is 13 of 16
Answer Stats
Answer % Correct
Chandler Bing
100%
Monica Geller
100%
Phoebe Buffay
100%
Rachel Green
100%
Ross Geller
100%
Joey Tribbiani
99%
Gunther
87%
Janice Hosenstein
86%
Jack Geller
82%
Judy Geller
81%
Carol Willick
74%
Mike Hannigan
74%
Richard Burke
71%
Susan Bunch
71%
Frank Buffay, Jr
37%
Barry Farber
20%
No matching quizzes found
Score Distribution
Percent of People with Each Score
Percentile by Number Answered
Your Score History
You have not taken this quiz